000 00254nam a2200097Ia 4500
001 643389
005 20250826153545.0
008 250824s9999 xx 000 0 und d
245 0 _aCANIN SAĞ OLSUN DOKTORLAR
_cDUYGU KAÇARANOĞLU
260 _bGENÇ TİMAŞ
999 _c643389
_d643389